Reservation in higher education / (Record no. 28831)

MARC details
000 -LEADER
fixed length control field 00967nam a22002535a 4500
005 - DATE AND TIME OF LATEST TRANSACTION
control field 20090801141939.0
008 - FIXED-LENGTH DATA ELEMENTS--GENERAL INFORMATION
fixed length control field 081203s2009 ii a bs 001 0 eng
010 ## - LCCN (DPL NO)
LC control number ENG-94612
020 ## - INTERNATIONAL STANDARD BOOK NUMBER
International Standard Book Number 9788186208601
Terms of availability 450.00
035 ## - SYSTEM CONTROL NUMBER
System control number EN-78145
037 ## - SOURCE OF ACQUISITION
Source of stock number/acquisition DBAD / PUB
040 ## - CATALOGING SOURCE
Original cataloging agency dpl
Language of cataloging English
082 ## - DEWEY DECIMAL CLASSIFICATION NUMBER
Classification number 379.26
100 ## - MAIN ENTRY--PERSONAL NAME
Personal name Sinha, Sushil Kumar
245 ## - TITLE STATEMENT
Title Reservation in higher education /
Statement of responsibility, etc by Sushil Kumar Sinha.
260 ## - PUBLICATION, DISTRIBUTION, ETC. (IMPRINT)
Place of publication, distribution, etc New Delhi
Name of publisher, distributor, etc Raj Publications
Date of publication, distribution, etc 2009
270 ## - ADDRESS
Address 108, 4855/24, Ansari Road, Daryaganj,
City New Delhi
Postal code 110002
300 ## - PHYSICAL DESCRIPTION
Extent 183 p. :
Other physical details ill. ;
Dimensions 22cm(Hb)
500 ## - GENERAL NOTE
General note Includes bibliographical references and index
650 ## - SUBJECT ADDED ENTRY--TOPICAL TERM
Topical term or geographic name as entry element Dalits
General subdivision Education, Higher
650 ## - SUBJECT ADDED ENTRY--TOPICAL TERM
Topical term or geographic name as entry element Dalits
General subdivision Economic conditions
942 ## - ADDED ENTRY ELEMENTS (KOHA)
Source of classification or shelving scheme Dewey Decimal Classification
Item type English Books
Call number suffix SIN
Classification part 379.26
Holdings
Withdrawn status Lost status Source of classification or shelving scheme Damaged status Not for loan Collection code Home library Current library Date acquired Source of acquisition Cost, normal purchase price Total Checkouts Full call number Barcode Date last seen Copy number Cost, replacement price Koha item type
    Dewey Decimal Classification   Not For Loan Non-fiction D.B.Act.Division D.B.Act.Division 01/08/2009 DBAD / PUB 450.00   379.26 SIN EN-78145 01/08/2009 1 450.00 English Books

© Delhi Public Library
Hit Counter
free hit counter